| 000 | 01199cam a22003378i 4500 | ||
|---|---|---|---|
| 001 | ocn954223899 | ||
| 003 | TZ-ArACH | ||
| 005 | 20210129125240.0 | ||
| 008 | 161121s2016 enk 000 0 eng d | ||
| 015 |
_aGBB6J4409 _2bnb |
||
| 016 | 7 |
_a018121894 _2Uk |
|
| 020 |
_a9781316633496 _q(pbk.) |
||
| 020 | _a1316633497 | ||
| 029 | 0 |
_aUKMGB _b018121894 |
|
| 035 | _a(OCoLC)954223899 | ||
| 040 |
_aUKMGB _beng _erda _cTZ-ArACH |
||
| 049 | _aTZAA | ||
| 050 |
_aJC571 _b.D4 2015 |
||
| 100 | 1 |
_aDe Beco, Gauthier, _eauthor. |
|
| 245 | 1 | 2 |
_aCommentary on the Paris Principles on national human rights institutions / _cGauthier de Beco, Rachel Murray. |
| 260 |
_aCambridge : _bCambridge University Press, _c2016. |
||
| 300 |
_ax ; 202 p. _c23 cm |
||
| 504 | _aBibliography, Index | ||
| 610 | 2 | 0 |
_aUnited Nations. _bGeneral Assembly. _tPrinciples relating to the status of national institutions. |
| 650 | 0 |
_aNational human rights institutions. _94491 |
|
| 650 | 0 | _aInternational law and human rights. | |
| 650 | 7 |
_aInternational law and human rights. _2fast |
|
| 650 | 7 |
_aNational human rights institutions. _2fast _94491 |
|
| 700 | 1 |
_aMurray, Rachel _q(Rachel H.), _eauthor. |
|
| 942 |
_2lcc _cBOOK |
||
| 999 |
_c6394 _d6394 |
||